| 000 | 00538nam a22001817a 4500 | ||
|---|---|---|---|
| 003 | OSt | ||
| 005 | 20140310183109.0 | ||
| 008 | 130305t xxu||||| |||| 00| 0 eng d | ||
| 020 | _a9718551328 | ||
| 050 |
_aDS 688.B3 _b.B311 2002 |
||
| 082 |
_aDS688.B3 _b .B311 2002 |
||
| 245 |
_aBatangas : _bforged in fire / |
||
| 260 |
_aMakati City : _bAyala Foundation, _c2002. |
||
| 300 |
_a261 p. : _c29 cm. _bill. col. ; |
||
| 650 |
_aBatangas (Philippines:Province) _xHistory _xTravel and _xDescription. |
||
| 942 |
_2lcc _cBK _kLOC |
||
| 999 |
_c18816 _d18816 |
||